000 01023nam a22002537a 4500
005 20170124103054.0
010 _aA-673341
020 _c60.00
_a8170552974
035 _aA-673341
037 _bCen Lib/Ret
040 _aDPL
_bHN
082 _a
_bमिश्रभ
100 _aमिश्र, भगवतीशरण
_971380
245 _aलक्ष्मण-रेखा /
_cभगवतीशरण मिश्र
246 _aLakshman-rekha /
_bby Bhagavatisharan Mishr
260 _bवाणी प्रकाशन
_aनयी दिल्ली
_c1993
270 _a21-ए, दरयागंज
_bनयी दिल्ली
_e110006
300 _a207पृ.
_c16सेमी(सजिल्द )
650 _aहिंदी साहित्य
_x
_z
_971381
650 _aहिंदी साहित्य
_xउपन्यास
_942619
650 _aHindi literature
_971382
650 _aHindi literature
_xfiction
_971383
942 _2ddc
_cHN
_h
_mमिश्रभ
999 _c117331
_d117331